[Event "Sao Paulo Carnaval op"]
[Site "Sao Paulo"]
[Date "2020.02.25"]
[Round "7"]
[White "Caporale, Giuseppe Guido"]
[Black "Pereira, Thiago Henrique"]
[Result "0-1"]
[WhiteElo "1592"]
[BlackElo "1795"]
[PlyCount "38"]
[EventDate "2020.02.22"]
[EventType "swiss"]
[EventRounds "7"]
[EventCountry "BRA"]
[SourceTitle "CBM 195 Extra"]
[Source "ChessBase"]
[SourceDate "2020.05.31"]
[SourceVersion "1"]
[SourceVersionDate "2020.05.31"]
[SourceQuality "1"]

1. e4 c5 2. Nf3 Nc6 3. d4 cxd4 4. Nxd4 e6 5. Be2 Bc5 6. Be3 Qb6 7. c3 Bxd4 8. Bxd4 Nxd4 9. cxd4 Qxb2 10. Nd2 Qxd4 11. Rc1 Nf6 12. Rc4 Qb6 13. Qc2 0-0 14. e5 Nd5 15. Rh4 f5 16. exf6 Nxf6 17. 0-0 Qc6 18. Qb2 e5 19. Rc1 Qe6 0-1

[Event "Florianopolis op 6th"]
[Site "Florianopolis"]
[Date "2020.01.26"]
[Round "10"]
[White "Caporale, Giuseppe Guido"]
[Black "Valcarcel, Victor Ignacio Sant"]
[Result "0-1"]
[WhiteElo "1581"]
[BlackElo "1856"]
[PlyCount "48"]
[EventDate "2020.01.20"]
[EventType "swiss"]
[EventRounds "10"]
[EventCountry "BRA"]
[SourceTitle "CBM 194 Extra"]
[Source "ChessBase"]
[SourceDate "2020.03.31"]
[SourceVersion "1"]
[SourceVersionDate "2020.03.31"]
[SourceQuality "1"]

1. e4 e6 2. d4 d5 3. e5 c5 4. c3 Nc6 5. Nf3 Nge7 6. Bd3 Ng6 7. a3 a5 8. Bc2 Be7 9. 0-0 0-0 10. h3 Bd7 11. g3 Be8 12. Re1 Qc8 13. h4 f6 14. Kg2 cxd4 15. cxd4 fxe5 16. dxe5 Rxf3 17. Qxf3 Nd4 18. Bxg6 Nxf3 19. Bxh7+ Kxh7 20. Kxf3 Bc5 21. Nc3 Bh5+ 22. Kg2 Qf8 23. Bf4 Qf5 24. Rac1 Qg4 0-1

[Event "Florianopolis op 6th"]
[Site "Florianopolis"]
[Date "2020.01.21"]
[Round "3"]
[White "Moyses Sobrinho, Elias"]
[Black "Caporale, Giuseppe Guido"]
[Result "1-0"]
[WhiteElo "1926"]
[BlackElo "1581"]
[PlyCount "78"]
[EventDate "2020.01.20"]
[EventType "swiss"]
[EventRounds "10"]
[EventCountry "BRA"]
[SourceTitle "CBM 194 Extra"]
[Source "ChessBase"]
[SourceDate "2020.03.31"]
[SourceVersion "1"]
[SourceVersionDate "2020.03.31"]
[SourceQuality "1"]

1. d4 Nf6 2. c4 e6 3. Nf3 b6 4. g3 Bb7 5. Bg2 Be7 6. 0-0 Na6 7. Nc3 0-0 8. Ne5 Bxg2 9. Kxg2 c6 10. Qa4 Nc7 11. e4 a6 12. Bf4 h6 13. Rfd1 Qc8 14. d5 exd5 15. cxd5 cxd5 16. exd5 b5 17. Qd4 Nce8 18. Rac1 Qb7 19. Kf1 Nd6 20. Nd3 Nh5 21. Be5 Nf6 22. Nc5 Qb6 23. b4 Nc4 24. d6 Bd8 25. Qf4 Nxe5 26. Qxe5 Re8 27. Qf5 Ra7 28. Qf4 Qb8 29. Nd5 Nxd5 30. Rxd5 Bb6 31. Qf5 Bxc5 32. bxc5 Re6 33. Qd3 Qe8 34. c6 dxc6 35. d7 Qd8 36. Rd4 Rc7 37. Rd1 Re7 38. Qf5 c5 39. Rd6 Ra7 1-0

[Event "Florianopolis op 5th"]
[Site "Florianopolis"]
[Date "2019.01.26"]
[Round "9"]
[White "Caporale, Giuseppe Guido"]
[Black "Carvalho, Isis"]
[Result "1-0"]
[WhiteElo "1592"]
[BlackElo "1396"]
[PlyCount "69"]
[EventDate "2019.01.21"]
[EventType "swiss"]
[EventRounds "10"]
[EventCountry "BRA"]
[SourceTitle "EXT 2020"]
[Source "ChessBase"]
[SourceDate "2019.10.17"]
[SourceVersion "1"]
[SourceVersionDate "2019.10.17"]
[SourceQuality "1"]

1. e4 d6 2. d4 Nf6 3. Nc3 g6 4. Bg5 Bg7 5. e5 Nfd7 6. f4 dxe5 7. fxe5 Nc6 8. Nf3 Nb6 9. Be2 Bf5 10. a3 Qd7 11. Qd2 h6 12. Be3 Na5 13. b3 Nc6 14. h3 h5 15. 0-0-0 Nd5 16. Nxd5 Qxd5 17. Kb2 0-0-0 18. c4 Qd7 19. Qc3 f6 20. e6 Qe8 21. d5 Ne5 22. Nd4 Be4 23. Nb5 f5 24. Bd4 a6 25. Nxc7 Kxc7 26. Bxe5+ Kc8 27. Bxg7 Rg8 28. Be5 b6 29. Qb4 Kb7 30. Bd4 Rd6 31. c5 Rxd5 32. Qxb6+ Ka8 33. Qxa6+ Kb8 34. Qb6+ Ka8 35. c6 1-0

[Event "Florianopolis op 5th"]
[Site "Florianopolis"]
[Date "2019.01.24"]
[Round "5"]
[White "Caporale, Giuseppe Guido"]
[Black "Garcia, Otavio Landerdahl"]
[Result "1-0"]
[WhiteElo "1592"]
[BlackElo "1208"]
[PlyCount "79"]
[EventDate "2019.01.21"]
[EventType "swiss"]
[EventRounds "10"]
[EventCountry "BRA"]
[SourceTitle "CBM 188 Extra"]
[Source "ChessBase"]
[SourceDate "2019.02.26"]
[SourceVersion "1"]
[SourceVersionDate "2019.02.26"]
[SourceQuality "1"]

1. e4 e6 2. d4 d5 3. e5 c5 4. c3 Nc6 5. Nf3 Bd7 6. Be2 Be7 7. 0-0 f6 8. exf6 Nxf6 9. Bf4 0-0 10. Be5 Ng4 11. Bg3 Nf6 12. Nbd2 Qb6 13. Qb3 cxd4 14. Qxb6 axb6 15. cxd4 Nh5 16. Bc7 Bd8 17. Bd6 Re8 18. Rfe1 Be7 19. Bxe7 Rxe7 20. g3 Nb4 21. Bd1 Rxa2 22. Rxa2 Nxa2 23. Ne5 Nf6 24. Bf3 Nb4 25. Nxd7 Nxd7 26. Bg4 Kf7 27. Nf3 h6 28. Re3 Nc6 29. h4 Na5 30. Nd2 Nb8 31. f4 Nac6 32. Nf3 Nd7 33. Bh3 Nf6 34. Rb3 Nd7 35. g4 Na5 36. Rc3 Nc4 37. Bf1 Nxb2 38. Rc7 Nf6 39. Ne5+ Ke8 40. Rc8# 1-0

[Event "Florianopolis op 5th"]
[Site "Florianopolis"]
[Date "2019.01.24"]
[Round "6"]
[White "Juliano, Joao Carlos Mazzini"]
[Black "Caporale, Giuseppe Guido"]
[Result "1-0"]
[WhiteElo "1924"]
[BlackElo "1592"]
[PlyCount "103"]
[EventDate "2019.01.21"]
[EventType "swiss"]
[EventRounds "10"]
[EventCountry "BRA"]
[SourceTitle "CBM 188 Extra"]
[Source "ChessBase"]
[SourceDate "2019.02.26"]
[SourceVersion "1"]
[SourceVersionDate "2019.02.26"]
[SourceQuality "1"]

1. d4 Nf6 2. Nf3 c5 3. d5 e6 4. Nc3 b6 5. e4 Bb7 6. Bf4 a6 7. a4 d6 8. dxe6 fxe6 9. e5 Nd5 10. Nxd5 exd5 11. exd6 Bxd6 12. Qe2+ Be7 13. Ng5 Bc8 14. 0-0-0 0-0 15. Ne6 Bxe6 16. Qxe6+ Kh8 17. Rxd5 Qe8 18. g3 Rf6 19. Qe4 Nc6 20. Bd3 Qg8 21. Rd7 Re6 22. Qf5 Rf8 23. Qh3 Nd4 24. Rxd4 cxd4 25. Bxh7 Qxh7 26. Qxe6 Bc5 27. Qd7 Qe4 28. Qh3+ Kg8 29. Qf1 Qc6 30. Qc4+ Kh8 31. Re1 Qg2 32. Qf1 Qxh2 33. Qh1 Qxh1 34. Rxh1+ Kg8 35. Rf1 Kf7 36. Kd2 Kf6 37. Kd3 Kf5 38. Re1 Kg4 39. Re6 Kf3 40. Rg6 Rf7 41. Be5 Kxf2 42. Rxg7 Rf3+ 43. Kc4 Ke3 44. a5 Kd2 45. Bxd4 Bxd4 46. Kxd4 Kxc2 47. axb6 Kxb2 48. Kc5 a5 49. Kc6 a4 50. Kc7 Rd3 51. Kc8 Kb3 52. Kb8 1-0

[Event "BRA-ch Amateur U1800"]
[Site "Sao Paulo"]
[Date "2018.06.03"]
[Round "7"]
[White "Caporale, Giuseppe Guido"]
[Black "Nobre, Jailson Altair Barb"]
[Result "0-1"]
[WhiteElo "1639"]
[BlackElo "1766"]
[PlyCount "94"]
[EventDate "2018.05.31"]
[EventType "swiss"]
[EventRounds "7"]
[EventCountry "BRA"]
[SourceTitle "EXT 2021"]
[Source "ChessBase"]
[SourceDate "2020.10.23"]
[SourceVersion "1"]
[SourceVersionDate "2020.10.23"]
[SourceQuality "1"]

1. e4 c5 2. Nf3 e6 3. c3 d5 4. exd5 Qxd5 5. Na3 a6 6. Be2 Nf6 7. 0-0 Bd6 8. Nc2 0-0 9. d4 cxd4 10. Nfxd4 Rd8 11. Bf3 Qa5 12. Qe2 Qc7 13. Re1 Nbd7 14. Kh1 Nb6 15. Bg5 Qc5 16. Bh4 Qc4 17. Qe3 Nbd5 18. Bxd5 Qxd5 19. h3 Bd7 20. a3 Rac8 21. Rad1 Qh5 22. Bg3 Nd5 23. Qf3 Qxf3 24. Nxf3 Ba4 25. Rd2 Bxc2 26. Rxc2 Nb6 27. Be5 Bxe5 28. Nxe5 f6 29. Ng4 e5 30. Ne3 Rd7 31. g4 Rcd8 32. Kg2 Nd5 33. Nxd5 Rxd5 34. Re4 Rd2 35. Re2 Rxe2 36. Rxe2 a5 37. a4 Kf7 38. h4 Ke6 39. Kf3 Rc8 40. Re4 Kd5 41. Ke3 Rc4 42. f3 Rxe4+ 43. fxe4+ Kc4 44. Kd2 Kb3 45. Kc1 Kxa4 46. Kc2 Kb5 47. b3 Kc5 0-1

[Event "Sao Paulo op-C U1700 7th"]
[Site "Sao Paulo"]
[Date "2018.03.31"]
[Round "4"]
[White "Caporale, Giuseppe Guido"]
[Black "Sanchez, Ivan Roberto"]
[Result "1/2-1/2"]
[WhiteElo "1625"]
[BlackElo "1639"]
[PlyCount "138"]
[EventDate "2018.03.30"]
[EventType "swiss"]
[EventRounds "6"]
[EventCountry "BRA"]
[SourceTitle "EXT 2021"]
[Source "ChessBase"]
[SourceDate "2020.10.23"]
[SourceVersion "1"]
[SourceVersionDate "2020.10.23"]
[SourceQuality "1"]

1. e4 e6 2. d4 d5 3. e5 c5 4. c3 Nc6 5. Nf3 cxd4 6. cxd4 f6 7. Bb5 Bd7 8. Nc3 Bb4 9. 0-0 Bxc3 10. bxc3 Nxe5 11. Nxe5 fxe5 12. Bxd7+ Qxd7 13. Qh5+ Qf7 14. Qxe5 Qf6 15. Qe2 a6 16. Ba3 Ne7 17. Qb2 b5 18. Bd6 Nc6 19. Qa3 Kf7 20. Rae1 Rhe8 21. Re3 Kg8 22. Rfe1 Qf5 23. Qb2 Rac8 24. Qe2 b4 25. Bxb4 Nxb4 26. cxb4 Rc2 27. Qf3 Qxf3 28. gxf3 Rxa2 29. Rxe6 Rxe6 30. Rxe6 Ra4 31. Rd6 Rxb4 32. Rxd5 Rb5 33. Rd7 a5 34. d5 a4 35. d6 Rd5 36. Ra7 Rxd6 37. Rxa4 Kf7 38. Kg2 Rf6 39. Re4 Rg6+ 40. Rg4 Ra6 41. h4 Rb6 42. Kg3 Rc6 43. Rg5 Rg6 44. Kf4 Rf6+ 45. Kg4 Rb6 46. h5 Rb2 47. Kg3 Kf6 48. f4 Rb1 49. Kg2 Rb4 50. Kg3 Rb3+ 51. Kg4 Rb1 52. Re5 Rg1+ 53. Kf3 g6 54. hxg6 Kxg6 55. Ke4 Re1+ 56. Kd5 Rd1+ 57. Ke6 Kg7 58. Ke7 Rd4 59. Rg5+ Kh6 60. Rg4 Kh5 61. f3 Rd3 62. Rg5+ Kh4 63. Rg4+ Kh5 64. Kf6 Rxf3 65. Rg5+ Kh4 66. f5 Rb3 67. Rg8 Rb6+ 68. Kg7 Rb7+ 69. Kh6 Rf7 1/2-1/2

[Event "Curitiba op"]
[Site "Curitiba"]
[Date "2018.02.23"]
[Round "1"]
[White "Egoroff, Jomar"]
[Black "Caporale, Giuseppe Guido"]
[Result "1-0"]
[WhiteElo "2265"]
[BlackElo "1700"]
[PlyCount "29"]
[EventDate "2018.02.23"]
[EventType "swiss"]
[EventRounds "6"]
[EventCountry "BRA"]
[SourceTitle "CBM 183 Extra"]
[Source "ChessBase"]
[SourceDate "2018.04.19"]
[SourceVersion "1"]
[SourceVersionDate "2018.04.19"]
[SourceQuality "1"]

1. e4 c5 2. Nf3 d6 3. d4 cxd4 4. Nxd4 Nf6 5. Nc3 a6 6. Bg5 e6 7. f4 b5 8. Qf3 Qc7 9. 0-0-0 Bb7 10. Bxf6 gxf6 11. Qh5 Bc8 12. f5 Kd8 13. Bxb5 d5 14. fxe6 fxe6 15. Qe8# 1-0

[Event "Sao Paulo Carnaval op"]
[Site "Sao Paulo"]
[Date "2018.02.12"]
[Round "5"]
[White "Ferreira, Wagner Maria Gangin"]
[Black "Caporale, Giuseppe Guido"]
[Result "0-1"]
[WhiteElo "1240"]
[BlackElo "1700"]
[PlyCount "44"]
[EventDate "2018.02.10"]
[EventType "swiss"]
[EventRounds "7"]
[EventCountry "BRA"]
[SourceTitle "CBM 183 Extra"]
[Source "ChessBase"]
[SourceDate "2018.04.19"]
[SourceVersion "1"]
[SourceVersionDate "2018.04.19"]
[SourceQuality "1"]

1. d4 Nf6 2. Nf3 e6 3. Bf4 c5 4. e3 Nc6 5. Nbd2 cxd4 6. exd4 d5 7. Be2 Be7 8. 0-0 a6 9. Ne5 Nxd4 10. Ndf3 Nxe2+ 11. Qxe2 0-0 12. Rfd1 Qb6 13. b3 Ne4 14. Qe3 Bc5 15. Nd4 f6 16. Nef3 e5 17. Nxe5 fxe5 18. Bxe5 Rxf2 19. Rf1 Rxf1+ 20. Rxf1 Bd7 21. Kh1 Re8 22. Qf4 Rf8 0-1

[Event "Florianopolis op 4th"]
[Site "Florianopolis"]
[Date "2018.01.22"]
[Round "5"]
[White "Caporale, Giuseppe Guido"]
[Black "Lopes, Leonardo Borges"]
[Result "1-0"]
[WhiteElo "1700"]
[BlackElo "1302"]
[PlyCount "81"]
[EventDate "2018.01.19"]
[EventType "swiss"]
[EventRounds "10"]
[EventCountry "BRA"]
[SourceTitle "EXT 2019"]
[Source "ChessBase"]
[SourceDate "2018.10.10"]
[SourceVersion "1"]
[SourceVersionDate "2018.10.10"]
[SourceQuality "1"]

1. e4 c5 2. Nf3 d6 3. d4 cxd4 4. Nxd4 Nf6 5. Nc3 a6 6. Bc4 e6 7. 0-0 Be7 8. a4 Qc7 9. Bb3 Nbd7 10. Bxe6 Nc5 11. Bxc8 Rxc8 12. Nf5 0-0 13. Nxe7+ Qxe7 14. f3 h6 15. Bf4 Rfd8 16. Re1 Qe6 17. Ne2 Nh5 18. Nd4 Qf6 19. Be3 Kh7 20. Qd2 g5 21. c3 Nf4 22. Bxf4 gxf4 23. b4 Ne6 24. Rac1 Nxd4 25. cxd4 Rc6 26. Rxc6 bxc6 27. Rc1 c5 28. bxc5 dxc5 29. d5 Qd6 30. Qc3 Rc8 31. Qc4 Qb6 32. e5 Re8 33. Qxf4 Kg7 34. h3 c4+ 35. Kh2 Qc5 36. Qe4 c3 37. Rc2 Rb8 38. d6 Rb4 39. Qf5 Rd4 40. d7 Qc7 41. Rxc3 1-0

[Event "Sao Bernardo do Campo op"]
[Site "Sao Bernardo do Campo"]
[Date "2016.07.24"]
[Round "6"]
[White "Pelachin Filho, Antonio"]
[Black "Caporale, Giuseppe Guido"]
[Result "1-0"]
[WhiteElo "1754"]
[BlackElo "1693"]
[PlyCount "77"]
[EventDate "2016.07.22"]
[EventType "swiss"]
[EventRounds "6"]
[EventCountry "BRA"]
[SourceTitle "EXT 2017"]
[Source "ChessBase"]
[SourceDate "2016.10.25"]
[SourceVersion "1"]
[SourceVersionDate "2016.10.25"]
[SourceQuality "1"]

1. c4 d6 2. Nc3 e5 3. e4 Ne7 4. g3 Be6 5. Bg2 c6 6. d3 f5 7. Nge2 Nd7 8. 0-0 Nf6 9. b3 h6 10. h3 g6 11. Be3 Qd7 12. Kh2 g5 13. f4 exf4 14. gxf4 g4 15. Ng3 gxh3 16. Bxh3 fxe4 17. Ncxe4 Neg8 18. f5 Bf7 19. Qf3 h5 20. Rae1 Ng4+ 21. Kg2 Ne5 22. Qd1 h4 23. f6 Qc7 24. Nf5 d5 25. Bf4 Bb4 26. Bxe5 Qa5 27. Ned6+ Kf8 28. Nxb7 Qxa2+ 29. Re2 Qa3 30. c5 Bh5 31. Bd6+ Kf7 32. Be7 Bxe2 33. Nbd6+ Kg6 34. Qxe2 Nxf6 35. Bxf6 Rhg8 36. Ne7+ Kh7+ 37. Nxg8 Rxg8+ 38. Kh1 Rg3 39. Qh5+ 1-0

[Event "Sao Bernardo do Campo op"]
[Site "Sao Bernardo do Campo"]
[Date "2016.07.23"]
[Round "4"]
[White "Ueti, Silvio Shigeo"]
[Black "Caporale, Giuseppe Guido"]
[Result "1-0"]
[WhiteElo "2110"]
[BlackElo "1693"]
[PlyCount "57"]
[EventDate "2016.07.22"]
[EventType "swiss"]
[EventRounds "6"]
[EventCountry "BRA"]
[SourceTitle "EXT 2017"]
[Source "ChessBase"]
[SourceDate "2016.10.25"]
[SourceVersion "1"]
[SourceVersionDate "2016.10.25"]
[SourceQuality "1"]

1. Nf3 d6 2. d4 Nf6 3. c4 c5 4. Nc3 cxd4 5. Nxd4 Nc6 6. g3 g6 7. Bg2 Bd7 8. 0-0 Bg7 9. b3 0-0 10. Bb2 Qc8 11. Rc1 Bh3 12. Nd5 Nxd5 13. cxd5 Bxg2 14. Kxg2 Qd7 15. dxc6 bxc6 16. Qd2 Rfc8 17. Nf3 c5 18. Bxg7 Kxg7 19. e4 a5 20. Rfd1 f6 21. Qd5 Ra6 22. Rxc5 Rca8 23. Rdc1 R8a7 24. Rc8 e6 25. Qc4 Rb6 26. Nd4 Rb4 27. Nxe6+ Kh6 28. Qd5 a4 29. R1c7 1-0

[Event "Sao Bernardo do Campo LXSBC STD I"]
[Site "Sao Bernardo do Campo"]
[Date "2016.05.20"]
[Round "2.2"]
[White "Ueti, Silvio Shigeo"]
[Black "Caporale, Giuseppe Guido"]
[Result "1-0"]
[WhiteElo "2115"]
[BlackElo "1738"]
[PlyCount "71"]
[EventDate "2016.05.20"]
[EventType "swiss"]
[EventRounds "6"]
[EventCountry "BRA"]
[SourceTitle "EXT 2022"]
[Source "ChessBase"]
[SourceDate "2021.10.06"]
[SourceVersion "1"]
[SourceVersionDate "2021.10.06"]
[SourceQuality "1"]

1. Nf3 Nf6 2. c4 c5 3. g3 g6 4. Bg2 Bg7 5. d4 0-0 6. 0-0 cxd4 7. Nxd4 Nc6 8. Nc3 Nxd4 9. Qxd4 d6 10. Qd3 Rb8 11. Bd2 Be6 12. Rac1 b6 13. Nb5 a6 14. Nd4 Bd7 15. Qa3 Qc8 16. b4 h5 17. Rfd1 Re8 18. c5 bxc5 19. bxc5 d5 20. c6 Be6 21. Bf4 Ra8 22. Be5 Ng4 23. Bxg7 Kxg7 24. Nxe6+ Qxe6 25. Qb2+ Qf6 26. Qxf6+ Nxf6 27. Bxd5 Ra7 28. Bg2 Rc8 29. Rb1 Rcc7 30. Rb7 e6 31. Rd8 a5 32. a4 e5 33. Rxa7 Rxa7 34. Rc8 e4 35. c7 Nd5 36. Rg8+ 1-0

[Event "Sao Paulo Freitas op 2nd"]
[Site "Sao Paulo"]
[Date "2016.04.16"]
[Round "4"]
[White "Caporale, Giuseppe Guido"]
[Black "Bonfim, Regina Rodrigues"]
[Result "0-1"]
[WhiteElo "1738"]
[BlackElo "1907"]
[PlyCount "100"]
[EventDate "2016.04.15"]
[EventType "swiss"]
[EventRounds "6"]
[EventCountry "BRA"]
[SourceTitle "CBM 171 Extra"]
[Source "ChessBase"]
[SourceDate "2016.04.26"]
[SourceVersion "1"]
[SourceVersionDate "2016.04.26"]
[SourceQuality "1"]

1. d4 Nf6 2. Nc3 d5 3. Bg5 e6 4. e4 dxe4 5. Nxe4 Be7 6. Bxf6 Bxf6 7. Nf3 0-0 8. c3 Nc6 9. Bd3 g6 10. h4 e5 11. h5 exd4 12. hxg6 hxg6 13. Qd2 Bg7 14. Qf4 Bf5 15. Qh2 Re8 16. 0-0-0 Bxe4 17. Bc4 Bd5 18. Bd3 Qf6 19. Qh7+ Kf8 20. Nh4 Be4 21. Bxe4 Rxe4 22. Rd3 dxc3 23. bxc3 Re2 24. Rg3 Qf4+ 25. Kb1 Qd2 26. Nxg6+ fxg6 27. Rf3+ Ke8 28. Qg8+ Kd7 29. Qxg7+ Ne7 30. Qd4+ Qxd4 31. cxd4 Nf5 32. Rh7+ Kd6 33. g4 Nxd4 34. Rff7 Ne6 35. f4 Rf8 36. Rd7+ Kc6 37. Rdf7 Rxf7 38. Rxf7 Rf2 39. Rf6 Kd5 40. f5 gxf5 41. gxf5 Nd4 42. Rf7 c5 43. Rxb7 c4 44. Rc7 Rxf5 45. Kc1 Rf2 46. Kb1 a5 47. Rd7+ Ke4 48. a4 Kd3 49. Rb7 c3 50. Rb3 Rf1+ 0-1

[Event "Sao Paulo Freitas op 2nd"]
[Site "Sao Paulo"]
[Date "2016.04.15"]
[Round "2"]
[White "Caporale, Giuseppe Guido"]
[Black "Dos Santos, Tiago Augusto"]
[Result "0-1"]
[WhiteElo "1738"]
[BlackElo "2034"]
[PlyCount "116"]
[EventDate "2016.04.15"]
[EventType "swiss"]
[EventRounds "6"]
[EventCountry "BRA"]
[SourceTitle "CBM 171 Extra"]
[Source "ChessBase"]
[SourceDate "2016.04.26"]
[SourceVersion "1"]
[SourceVersionDate "2016.04.26"]
[SourceQuality "1"]

1. d4 e6 2. Nc3 Nf6 3. e4 Bb4 4. Bd3 Bxc3+ 5. bxc3 c5 6. e5 Nd5 7. Bd2 Nc6 8. Qg4 g6 9. Ne2 f5 10. Qg3 Qb6 11. Qh4 0-0 12. 0-0 a6 13. a3 Qc7 14. Bg5 b5 15. c4 bxc4 16. Bxc4 Nb6 17. Bb3 cxd4 18. Nxd4 Na5 19. Rfe1 Nac4 20. Be7 Rf7 21. Nf3 Bb7 22. Bf6 Qc6 23. Rad1 Rc8 24. Kh1 Nd5 25. Nd4 Qc5 26. Bg5 Nc3 27. Rd3 Ne4 28. Bc1 Qxe5 29. f3 Qf6 30. Qxf6 Nxf6 31. Ne2 Nd5 32. Red1 f4 33. Rd4 Nce3 34. Bxe3 fxe3 35. R4d3 Kf8 36. c4 Nb6 37. Rc1 d5 38. c5 Rfc7 39. Nd4 Kf7 40. Rxe3 Rxc5 41. Rce1 Rc1 42. Rxe6 Rxe1+ 43. Rxe1 Rc3 44. h4 Rd3 45. Ne6 Rxb3 46. Nd8+ Kf6 47. Nxb7 Nc4 48. Nd8 Rxa3 49. Re6+ Kf5 50. Re7 d4 51. Ra7 d3 52. Rd7 d2 53. Kh2 Ra1 54. g4+ Ke5 55. Kg3 Rg1+ 56. Kf2 d1Q 57. Re7+ Kd5 58. Rd7+ Nd6 0-1

[Event "Sao Paulo op-B U2050 4th"]
[Site "Sao Paulo"]
[Date "2016.03.27"]
[Round "7"]
[White "Brujin, Homero"]
[Black "Caporale, Giuseppe Guido"]
[Result "0-1"]
[WhiteElo "1419"]
[BlackElo "1719"]
[PlyCount "66"]
[EventDate "2016.03.24"]
[EventType "swiss"]
[EventRounds "7"]
[EventCountry "BRA"]
[SourceTitle "CBM 171 Extra"]
[Source "ChessBase"]
[SourceDate "2016.04.26"]
[SourceVersion "1"]
[SourceVersionDate "2016.04.26"]
[SourceQuality "1"]

1. c4 d6 2. Nc3 e5 3. g3 f5 4. e3 Nf6 5. Bg2 c6 6. d4 e4 7. Nge2 g5 8. d5 c5 9. b3 Bg7 10. Bb2 0-0 11. Rb1 Qe7 12. h4 Ng4 13. hxg5 Qxg5 14. Nf4 Nxe3 15. Qe2 Nxg2+ 16. Nxg2 Be5 17. Rh5 Qg7 18. Qe3 Qf7 19. Qg5+ Qg6 20. Qxg6+ hxg6 21. Rg5 Kh7 22. Ke2 Kh6 23. Bc1 Bxc3 24. Rxf5+ Kg7 25. Rg5 Bf6 26. Bb2 Bxb2 27. Rxb2 Kf6 28. Rxg6+ Kxg6 29. Nf4+ Rxf4 30. gxf4 Bg4+ 31. Ke3 Nd7 32. Rb1 Rh8 33. Rg1 Nf6 0-1

[Event "Sao Paulo op-B U2050 4th"]
[Site "Sao Paulo"]
[Date "2016.03.26"]
[Round "4"]
[White "Caporale, Giuseppe Guido"]
[Black "Da Silva, Joao Carlos Orguim"]
[Result "1-0"]
[WhiteElo "1719"]
[BlackElo "1859"]
[PlyCount "119"]
[EventDate "2016.03.24"]
[EventType "swiss"]
[EventRounds "7"]
[EventCountry "BRA"]
[SourceTitle "CBM 171 Extra"]
[Source "ChessBase"]
[SourceDate "2016.04.26"]
[SourceVersion "1"]
[SourceVersionDate "2016.04.26"]
[SourceQuality "1"]

1. d4 d5 2. Nf3 Nf6 3. e3 c6 4. Bd3 Nbd7 5. Nbd2 Qc7 6. 0-0 e5 7. e4 Bd6 8. exd5 cxd5 9. dxe5 Nxe5 10. Nxe5 Bxe5 11. Nf3 Bd6 12. Re1+ Be6 13. Bg5 0-0-0 14. h3 h6 15. Be3 Kb8 16. Nd4 a6 17. c3 Rhe8 18. Qb3 Ka8 19. Qa4 Qd7 20. Bb5 Qc8 21. Bxe8 Rxe8 22. Nxe6 Rxe6 23. Bf4 Bc5 24. Qd1 g5 25. Be5 Ne4 26. Bd4 Bd6 27. f3 Ng3 28. Rxe6 Qxe6 29. Bf2 Qe5 30. Qe1 Ne2+ 31. Kf1 Nf4 32. Qxe5 Bxe5 33. Rd1 b5 34. Bg3 Kb7 35. Bxf4 gxf4 36. Rxd5 f6 37. Ke2 Kc6 38. Rd8 b4 39. Kd3 Kb5 40. Rd5+ Ka4 41. Rxe5 fxe5 42. cxb4 Kxb4 43. Ke4 Kc4 44. Kxe5 a5 45. Ke4 h5 46. h4 Kc5 47. Kxf4 Kd4 48. g4 hxg4 49. fxg4 Kd3 50. h5 Kc2 51. h6 Kxb2 52. h7 a4 53. a3 Kxa3 54. h8Q Ka2 55. Qh2+ Kb1 56. g5 a3 57. g6 a2 58. g7 a1Q 59. Qh1+ Kb2 60. Qxa1+ 1-0

[Event "Sao Paulo op-B U2050 4th"]
[Site "Sao Paulo"]
[Date "2016.03.25"]
[Round "2"]
[White "Caporale, Giuseppe Guido"]
[Black "Vieira, Alexandre Letizio"]
[Result "1/2-1/2"]
[WhiteElo "1719"]
[BlackElo "1925"]
[PlyCount "77"]
[EventDate "2016.03.24"]
[EventType "swiss"]
[EventRounds "7"]
[EventCountry "BRA"]
[SourceTitle "CBM 171 Extra"]
[Source "ChessBase"]
[SourceDate "2016.04.26"]
[SourceVersion "1"]
[SourceVersionDate "2016.04.26"]
[SourceQuality "1"]

1. d4 d5 2. Nf3 Nf6 3. Bg5 e6 4. e3 Be7 5. Bd3 h6 6. Bh4 0-0 7. Nbd2 b6 8. Ne5 Bb7 9. Qe2 c5 10. c3 Nbd7 11. f4 Ne4 12. Bxe7 Qxe7 13. Nef3 f5 14. 0-0-0 Rac8 15. Kb1 c4 16. Bc2 b5 17. Nxe4 fxe4 18. Ne5 Nxe5 19. fxe5 a5 20. Rdf1 Qg5 21. g3 Bc6 22. Rf4 b4 23. Rhf1 Rxf4 24. gxf4 Qe7 25. Bd1 bxc3 26. bxc3 Rb8+ 27. Ka1 Qb7 28. Qc2 a4 29. Bg4 Bd7 30. Qc1 g6 31. Qa3 Kf7 32. Qc1 Be8 33. Qc2 a3 34. Rb1 Qxb1+ 35. Qxb1 Rxb1+ 36. Kxb1 Ba4 37. Kc1 Bd7 38. Kd2 Kg7 39. Ke1 1/2-1/2

[Event "Sao Bernardo do Campo LXSBC Final C"]
[Site "Sao Bernardo do Campo"]
[Date "2016.01.30"]
[Round "7.5"]
[White "Santos, Marcos Correia"]
[Black "Caporale, Giuseppe Guido"]
[Result "0-1"]
[WhiteElo "1571"]
[BlackElo "1768"]
[PlyCount "124"]
[EventDate "2016.01.23"]
[EventType "tourn"]
[EventRounds "9"]
[EventCountry "BRA"]
[SourceTitle "EXT 2022"]
[Source "ChessBase"]
[SourceDate "2021.10.06"]
[SourceVersion "1"]
[SourceVersionDate "2021.10.06"]
[SourceQuality "1"]

1. e4 d6 2. d4 Nf6 3. Nc3 e5 4. dxe5 dxe5 5. Qxd8+ Kxd8 6. Bg5 Be6 7. 0-0-0+ Kc8 8. Nf3 Nbd7 9. Kb1 a6 10. Be2 Bb4 11. Bxf6 gxf6 12. Nd5 Bc5 13. Rhf1 c6 14. Ne3 Kc7 15. Nh4 h5 16. Nhf5 Rag8 17. Bf3 b5 18. h4 Rh7 19. Rfe1 a5 20. Re2 a4 21. Red2 b4 22. Nd6 Bxe3 23. fxe3 Nb6 24. b3 Rhh8 25. Rd3 Rd8 26. R1d2 Ra8 27. Rd1 Ra5 28. R3d2 Rc5 29. Be2 Ra5 30. Bf3 Raa8 31. Rd3 Rad8 32. R1d2 Rd7 33. Nf5 Rxd3 34. Rxd3 Rh7 35. Rd2 a3 36. Rd3 Nc8 37. Rd2 Rh8 38. Rd3 Na7 39. c4 c5 40. Rd1 Nc8 41. Rd2 Bd7 42. Rd1 Bc6 43. Ng3 Nd6 44. Rxd6 Kxd6 45. Nf5+ Kd7 46. Ng7 Ke7 47. Nxh5 Bxe4+ 48. Bxe4 Rxh5 49. g3 f5 50. Bf3 Rh6 51. h5 e4 52. Be2 Kf6 53. Kc2 Kg5 54. Kd2 Rh8 55. Ke1 Rg8 56. Kf2 Kf6 57. Bd1 Rd8 58. Ke1 Rd3 59. Ke2 Kg5 60. Bc2 Rc3 61. Bb1 Kxh5 62. Kf2 Kg5 0-1